[Event "MCRE_CF08"]
[Site "?"]
[Date "2005.??.??"]
[Round "?"]
[White "Bultman, Milan"]
[Black "Pauschek, Roman"]
[Result "1-0"]
[WhiteElo "2141"]
[BlackElo "2124"]
[PlyCount "69"]
[EventDate "2005.??.??"]
[EventType "corr"]
[EventRounds "2"]
[SourceDate "2006.01.27"]

1. e4 e5 2. Nf3 Nc6 3. Bb5 a6 4. Bxc6 dxc6 5. O-O f6 6. d4 exd4 7. Nxd4 c5 8.
Nb3 Qxd1 9. Rxd1 Bg4 10. f3 Be6 11. Nc3 Bd6 12. Be3 b6 13. a4 Kf7 14. a5 c4 15.
Nd4 b5 16. Nxe6 Kxe6 17. b3 cxb3 18. cxb3 Ne7 19. Rac1 Rac8 20. Ne2 c5 21. Rc2
Rhd8 22. Rdc1 g6 23. Kf2 c4 24. bxc4 Ba3 25. Rb1 Bc5 26. Rbb2 bxc4 27. Nf4+ Ke5
28. Rb7 f5 29. Ke2 fxe4 30. Rxc4 Bxe3 31. Rxe7+ Kxf4 32. Rcxe4+ Kg5 33. h4+ Kh6
34. Kxe3 Rc3+ 35. Kf4 1-0

[Event "MCRE_CF08"]
[Site "?"]
[Date "2005.??.??"]
[Round "?"]
[White "Struzka, Vlastimil"]
[Black "Pauschek, Roman"]
[Result "1/2-1/2"]
[WhiteElo "2190"]
[BlackElo "2124"]
[PlyCount "155"]
[EventDate "2005.??.??"]
[EventType "corr"]
[EventRounds "2"]
[SourceDate "2006.01.27"]

1. d4 d5 2. Nf3 Nf6 3. Bf4 c5 4. e3 Nc6 5. c3 Qb6 6. Qb3 c4 7. Qxb6 axb6 8. Be2
b5 9. Na3 Na7 10. O-O Bg4 11. Nc2 Nc6 12. h3 Bh5 13. Na3 Na7 14. Nc2 Nc6 15.
Na3 Na7 16. Rfe1 e6 17. Nc2 Nc6 18. a3 Be7 19. Nb4 Nd7 20. Bf1 O-O 21. Be2 Rfe8
22. Kf1 Bg6 23. Bg3 Rec8 24. Kg1 Na5 25. Bd1 Re8 26. Bf4 Nc6 27. Bc2 Be4 28.
Nd2 Bxc2 29. Nxc2 h6 30. e4 dxe4 31. Nxe4 e5 32. Bh2 Bf8 33. Rad1 exd4 34. cxd4
b4 35. d5 b3 36. Ne3 Nce5 37. Bxe5 Nxe5 38. Re2 b5 39. Red2 Nd3 40. Nc3 Bc5 41.
Rxd3 cxd3 42. Rxd3 b4 43. axb4 Bxb4 44. Ncd1 Ra1 45. Kf1 Bc5 46. Ke2 Rb8 47.
Nf5 Kh7 48. Rc3 Ra5 49. Nfe3 Rab5 50. Kd3 g6 51. Rc1 Kg7 52. Nc4 Rd8 53. Nde3
Kf8 54. Ra1 Rc8 55. Ra6 Bxe3 56. Nxe3 Ke8 57. f4 Rc1 58. f5 gxf5 59. g3 h5 60.
Ra8+ Kd7 61. Rf8 h4 62. Rxf7+ Ke8 63. Rxf5 hxg3 64. Re5+ Kf7 65. Rf5+ Kg6 66.
h4 Rg1 67. Rg5+ Kf6 68. Ng4+ Ke7 69. Ne3 Kf6 70. Ng4+ Ke7 71. Ne3 Kf6 72. Kc4
Rb8 73. Rf5+ Ke7 74. Rg5 Rf8 75. h5 Rf3 76. Kd4 Re1 77. Ng2 Rh1 78. Ke4 1/2-1/2

[Event "MCRE_CF08"]
[Site "?"]
[Date "2005.??.??"]
[Round "?"]
[White "Nigrin, Jiri"]
[Black "Stika, Vaclav"]
[Result "1/2-1/2"]
[WhiteElo "2004"]
[BlackElo "2028"]
[PlyCount "103"]
[EventDate "2005.??.??"]
[EventType "corr"]
[EventRounds "2"]
[SourceDate "2006.01.27"]

1. d4 Nf6 2. c4 e6 3. Nf3 d5 4. Nc3 Bb4 5. Bg5 c6 6. e3 Qa5 7. Bxf6 Bxc3+ 8.
bxc3 Qxc3+ 9. Nd2 gxf6 10. cxd5 exd5 11. Rb1 Nd7 12. Rb3 Qa5 13. Qc2 Qd8 14.
Bd3 Rg8 15. O-O Nb6 16. Ra1 Bh3 17. g3 Qc7 18. a4 h5 19. a5 Nc8 20. Rab1 Rb8
21. a6 b6 22. Bf5 Bxf5 23. Qxf5 Nd6 24. Qh7 Ke7 25. Qxh5 Qd7 26. Rc3 Nb5 27.
Rcc1 Rbc8 28. Qf3 Qh3 29. Rb2 Rh8 30. Qg2 Qxg2+ 31. Kxg2 Kd6 32. h4 Nc7 33. Nf3
Ne6 34. Kf1 Rcg8 35. Ke2 Rg4 36. Ne1 c5 37. dxc5+ Nxc5 38. Ra1 Rc4 39. Nd3 Rc8
40. Nxc5 R4xc5 41. Rbb1 f5 42. Rd1 Ke5 43. Rd4 R8c6 44. Kf3 Rh6 45. Ra2 Rc4 46.
Rd1 Rhc6 47. Rh1 Rh6 48. Ke2 Rc3 49. Rd1 Rc4 50. Rad2 Rc5 51. Ra2 Rc4 52. Rad2
1/2-1/2

[Event "MCRE_CF08"]
[Site "?"]
[Date "2005.??.??"]
[Round "?"]
[White "Stika, Vaclav"]
[Black "Nigrin, Jiri"]
[Result "1-0"]
[WhiteElo "2028"]
[BlackElo "2004"]
[PlyCount "103"]
[EventDate "2005.??.??"]
[EventType "corr"]
[EventRounds "2"]
[SourceDate "2006.01.27"]

1. e4 Nc6 2. Nf3 d6 3. d4 Bg4 4. d5 Ne5 5. Be2 Nxf3+ 6. Bxf3 Bxf3 7. Qxf3 Qd7
8. Be3 Nf6 9. Nc3 Qg4 10. Qe2 Qxe2+ 11. Kxe2 e6 12. h4 h5 13. Rad1 Be7 14. Nb5
Kd7 15. dxe6+ fxe6 16. f3 Rhf8 17. Na3 d5 18. c4 Bxa3 19. bxa3 c6 20. e5 Ne8
21. Rhg1 Rf5 22. f4 Nc7 23. g4 Rf7 24. gxh5 Rh8 25. Rg5 b6 26. c5 Rh7 27. Kf3
b5 28. Rd3 Rf5 29. Kg4 Rf8 30. a4 a6 31. Rg6 Rf5 32. axb5 axb5 33. Rg5 Rf8 34.
Ra3 Kc8 35. Ra5 Kb7 36. Bd4 Rf7 37. Ra3 Kc8 38. Bc3 Kb7 39. Ba5 Na6 40. Bb6 Rh6
41. Rg6 d4 42. f5 exf5+ 43. Kf4 b4 44. Rag3 Nc7 45. Bxc7 Rxc7 46. Rxh6 gxh6 47.
Rb3 Kc8 48. Rxb4 Rg7 49. e6 d3 50. Ke5 Rg3 51. Rf4 Rg4 52. Rf3 1-0

[Event "MCRE_CF08"]
[Site "?"]
[Date "2005.??.??"]
[Round "?"]
[White "Bares, Jiri"]
[Black "Nigrin, Jiri"]
[Result "1-0"]
[WhiteElo "2174"]
[BlackElo "2004"]
[PlyCount "101"]
[EventDate "2005.??.??"]
[EventType "corr"]
[EventRounds "2"]
[SourceDate "2006.01.27"]

1. d4 Nc6 2. d5 Ne5 3. e4 e6 4. dxe6 dxe6 5. Qxd8+ Kxd8 6. f4 Nc6 7. Nf3 Nf6 8.
e5 Nb4 9. Na3 Nfd5 10. c3 Nc6 11. Ng5 Ke8 12. Nc2 f5 13. Be2 Be7 14. h4 h6 15.
Nf3 Kf7 16. h5 a6 17. Bd2 Rd8 18. Kf2 b5 19. a4 bxa4 20. Rxa4 a5 21. b4 Bb7 22.
bxa5 Rxa5 23. Rxa5 Nxa5 24. c4 Nxc4 25. Bxc4 Nb6 26. Bxe6+ Kxe6 27. Ncd4+ Kf7
28. Rc1 Bxf3 29. Nxf3 c5 30. Ba5 Rb8 31. Bxb6 Rxb6 32. Rc2 g5 33. hxg6+ Kxg6
34. Nd2 Ra6 35. Nc4 h5 36. Ne3 Ra4 37. Kf3 h4 38. Rc3 Ra8 39. Rb3 Ra6 40. Rb7
Re6 41. Rc7 Bf8 42. Nxf5 Kxf5 43. Rf7+ Kg6 44. Rxf8 Kh7 45. Kg4 Rc6 46. f5 Kg7
47. Rb8 c4 48. f6+ Kg6 49. Rg8+ Kf7 50. Rg7+ Kf8 51. Kf5 1-0

[Event "MCRE_CF08"]
[Site "?"]
[Date "2005.??.??"]
[Round "?"]
[White "Stika, Vaclav"]
[Black "Bultman, Milan"]
[Result "1-0"]
[WhiteElo "2028"]
[BlackElo "2141"]
[PlyCount "87"]
[EventDate "2005.??.??"]
[EventType "corr"]
[EventRounds "2"]
[SourceDate "2006.01.27"]

1. e4 c5 2. Nf3 d6 3. d4 cxd4 4. Nxd4 Nf6 5. Nc3 a6 6. Be3 Nbd7 7. Be2 e5 8.
Nf5 Nc5 9. Ng3 Be7 10. O-O O-O 11. a3 Bd7 12. Qd2 Rc8 13. Rfd1 Re8 14. Bg5 Rc6
15. Rac1 b5 16. Rb1 Qc8 17. Rdc1 Qb7 18. Be3 Rcc8 19. f3 h5 20. Bf2 Red8 21.
Nf1 Be6 22. Ne3 d5 23. exd5 Bxd5 24. Nexd5 Nxd5 25. Nxd5 Rxd5 26. Qe1 Bg5 27.
Rd1 Rxd1 28. Qxd1 Rd8 29. Qf1 e4 30. Bxc5 Rd2 31. c4 bxc4 32. Bxc4 exf3 33.
Qxf3 Qxf3 34. gxf3 Rc2 35. b3 Bc1 36. Kf1 a5 37. Bd6 g5 38. Bd3 Rc3 39. Ke2 f6
40. Bg6 h4 41. h3 Re3+ 42. Kd1 Bxa3 43. Bxa3 Rd3+ 44. Bxd3 1-0

[Event "MCRE_CF08"]
[Site "?"]
[Date "2005.??.??"]
[Round "?"]
[White "Rotter, Walter"]
[Black "Nigrin, Jiri"]
[Result "0-1"]
[WhiteElo "1964"]
[BlackElo "2004"]
[PlyCount "118"]
[EventDate "2005.??.??"]
[EventType "corr"]
[EventRounds "2"]
[SourceDate "2006.01.27"]

1. d4 Nc6 2. c4 e5 3. d5 Nce7 4. Nc3 Ng6 5. g3 Bb4 6. Qc2 Nf6 7. Bg5 h6 8. Bd2
O-O 9. Bg2 d6 10. e4 Bg4 11. f3 Bd7 12. Nge2 Bc5 13. Na4 Bd4 14. Nxd4 exd4 15.
b4 c6 16. dxc6 bxc6 17. O-O Re8 18. Nb2 c5 19. b5 Qc8 20. a4 Bh3 21. a5 Bxg2
22. Kxg2 Qe6 23. Nd3 Re7 24. a6 Nd7 25. Rfe1 Nge5 26. Nb2 Nb6 27. Rac1 Rae8 28.
Ba5 Nbd7 29. Bd2 Qg6 30. h3 Nb6 31. Ba5 Qh5 32. g4 Qh4 33. Bxb6 axb6 34. Qf2
Qf6 35. Red1 Ng6 36. Nd3 Nh4+ 37. Kg3 g5 38. Rf1 d5 39. Kh2 dxc4 40. Rxc4 Qe6
41. Rfc1 Qd7 42. Rb1 Qd6+ 43. Kg1 f5 44. gxf5 Nxf5 45. Nxc5 bxc5 46. b6 Nh4 47.
b7 Qxa6 48. b8=Q Qxc4 49. Qd6 Re6 50. Qd7 R8e7 51. Rb8+ Kf7 52. Qd8 Re8 53.
Rb7+ Kg6 54. Qc7 R8e7 55. Qxe7 Rxe7 56. Rxe7 Qc1+ 57. Qf1 Qf4 58. Qa6+ Kh5 59.
Qe2 c4 0-1

[Event "MCRE_CF08"]
[Site "?"]
[Date "2005.??.??"]
[Round "?"]
[White "Nigrin, Jiri"]
[Black "Bares, Jiri"]
[Result "1/2-1/2"]
[WhiteElo "2004"]
[BlackElo "2174"]
[PlyCount "127"]
[EventDate "2005.??.??"]
[EventType "corr"]
[EventRounds "2"]
[SourceDate "2006.01.27"]

1. d4 Nf6 2. c4 c5 3. d5 e6 4. Nc3 exd5 5. cxd5 d6 6. e4 g6 7. f4 Bg7 8. Bb5+
Nfd7 9. Bd3 Qh4+ 10. g3 Qe7 11. Nf3 O-O 12. O-O Nb6 13. Kg2 Bg4 14. h3 Bxf3+
15. Qxf3 c4 16. Bc2 Na6 17. a3 Rfe8 18. Be3 Nd7 19. Qe2 Rac8 20. Nb5 Bxb2 21.
Rab1 Bg7 22. Nxa7 Rc7 23. Rfd1 f5 24. Bd4 Bxd4 25. Rxd4 Nf6 26. Ba4 Rd8 27. Nb5
Rc5 28. Nc3 fxe4 29. Nxe4 Ra5 30. Qxc4 Nc5 31. Nxc5 Rxc5 32. Qd3 Rdc8 33. Kf2
Rc3 34. Qe2 Qxe2+ 35. Kxe2 Rxa3 36. Rxb7 Rxg3 37. Rd3 Rg2+ 38. Kf3 Nh5 39. Re3
Rg3+ 40. Kf2 Rxe3 41. Kxe3 Rc3+ 42. Kd4 Rxh3 43. Bd7 Rh4 44. Be6+ Kh8 45. Ke3
Nxf4 46. Rd7 h5 47. Rxd6 Kg7 48. Bc8 Kf7 49. Ke4 Ne6+ 50. Ke5 Nc5 51. Rf6+ Kg7
52. Rf3 Re4+ 53. Kd6 Na4 54. Be6 h4 55. Rb3 Kf6 56. Rf3+ Kg5 57. Rb3 Rd4 58.
Rb1 Nc3 59. Rg1+ Kh5 60. Ke5 Rd2 61. Re1 Nb5 62. Rh1 g5 63. Rc1 Re2+ 64. Kf6
1/2-1/2

[Event "MCRE_CF08"]
[Site "?"]
[Date "2005.??.??"]
[Round "?"]
[White "Bares, Jiri"]
[Black "Pauschek, Roman"]
[Result "1/2-1/2"]
[WhiteElo "2174"]
[BlackElo "2124"]
[PlyCount "120"]
[EventDate "2005.??.??"]
[EventType "corr"]
[EventRounds "2"]
[SourceDate "2006.01.27"]

1. d4 d5 2. c4 e6 3. Nc3 Nf6 4. Bg5 Be7 5. Nf3 h6 6. Bh4 O-O 7. e3 b6 8. cxd5
Nxd5 9. Bxe7 Qxe7 10. Nxd5 exd5 11. Rc1 Be6 12. Bd3 c5 13. b3 Nd7 14. O-O Rac8
15. Re1 Qd6 16. dxc5 bxc5 17. e4 dxe4 18. Rxe4 Rfd8 19. Re1 Nf6 20. Be2 Qf4 21.
Qc2 Bd5 22. g3 Qc7 23. Nd2 Bb7 24. Nc4 Re8 25. Qf5 Be4 26. Qh3 Re6 27. Ne3 Ba8
28. Bf1 Rce8 29. Bg2 Nd5 30. Bxd5 Bxd5 31. Qf1 Ba8 32. Qb5 Qe5 33. h3 Qf6 34.
Qe2 Re5 35. Kh2 Bf3 36. Qc4 Be4 37. Qe2 h5 38. h4 Bb7 39. Qf1 a5 40. Rc2 a4 41.
bxa4 Ba6 42. Qg1 Bd3 43. Rd2 Qa6 44. Rc1 c4 45. Qd1 Ra5 46. a3 Re4 47. Nc2 Qe6
48. Nb4 Be2 49. Qh1 f5 50. Nc6 Rxa4 51. Nd4 Qe5 52. Nf3 Bxf3 53. Qxf3 f4 54.
Kg2 fxg3 55. fxg3 Ra6 56. Qc3 Qe8 57. Rf1 Rg6 58. Kh2 Kh7 59. Rg2 Qb8 60. Kh1
Qb5 1/2-1/2

[Event "MCRE_CF08"]
[Site "?"]
[Date "2005.??.??"]
[Round "?"]
[White "Bultman, Milan"]
[Black "Bares, Jiri"]
[Result "0-1"]
[WhiteElo "2141"]
[BlackElo "2174"]
[PlyCount "80"]
[EventDate "2005.??.??"]
[EventType "corr"]
[EventRounds "2"]
[SourceDate "2006.01.27"]

1. e4 c5 2. Nf3 d6 3. d4 cxd4 4. Nxd4 Nf6 5. Nc3 a6 6. Be2 e5 7. Nb3 Be7 8. O-O
O-O 9. Be3 Be6 10. Nd5 Nbd7 11. Qd3 Bxd5 12. exd5 b5 13. a4 b4 14. a5 Qc7 15.
Rfd1 Rfc8 16. Rd2 Qb7 17. Qf5 g6 18. Qd3 Rc7 19. Ra4 Bf8 20. Rd1 h5 21. h3 Qc8
22. Rxb4 e4 23. Rxe4 Nxe4 24. Qxe4 Rxc2 25. Bd4 Rc7 26. Qf4 Ne5 27. Nd2 Bg7 28.
Ne4 Qf8 29. Bf1 Qe7 30. Bc3 f5 31. Ng5 Bh6 32. h4 Bxg5 33. hxg5 Rcc8 34. Re1
Re8 35. Re3 Kf7 36. Qb4 Qd7 37. Qb6 Reb8 38. Qd4 Qa7 39. Qh4 Kg8 40. Qh3 Qc7
0-1

[Event "MCRE_CF08"]
[Site "?"]
[Date "2005.??.??"]
[Round "?"]
[White "Rotter, Walter"]
[Black "Bares, Jiri"]
[Result "1-0"]
[WhiteElo "1964"]
[BlackElo "2174"]
[PlyCount "123"]
[EventDate "2005.??.??"]
[EventType "corr"]
[EventRounds "2"]
[SourceDate "2006.01.27"]

1. d4 Nf6 2. c4 c5 3. d5 e6 4. Nc3 exd5 5. cxd5 d6 6. e4 g6 7. f4 Bg7 8. Bb5+
Nfd7 9. Bd3 Qh4+ 10. g3 Qe7 11. Nf3 O-O 12. O-O Nb6 13. e5 Bg4 14. Nb5 N8d7 15.
Nxd6 f6 16. Nc4 fxe5 17. d6 Qf7 18. Ng5 Bxd1 19. Nxf7 e4 20. Bxe4 Nxc4 21. Ng5
Bd4+ 22. Kg2 Ndb6 23. Rxd1 Nxd6 24. Bc2 Nf5 25. Ne6 Rf7 26. Bb3 Bxb2 27. Bxb2
c4 28. Kf3 cxb3 29. axb3 Re7 30. Nd4 Re3+ 31. Kf2 Nxd4 32. Kxe3 Nc2+ 33. Kf3
Nxa1 34. Rxa1 Nd5 35. Ke4 Nb4 36. Rd1 Re8+ 37. Kf3 Nc6 38. Ba3 b6 39. Rd7 Rd8
40. Rxd8+ Nxd8 41. Ke4 Kf7 42. Kd5 h5 43. b4 Ke7 44. b5+ Kd7 45. Ke5 Ne6 46.
Bd6 Ng7 47. Bb8 Nf5 48. Kf6 Nd4 49. Bxa7 Kc7 50. Kxg6 Nxb5 51. Bxb6+ Kxb6 52.
Kxh5 Kc6 53. Kg6 Kd7 54. h4 Ke8 55. h5 Kf8 56. f5 Kg8 57. h6 Nd6 58. g4 Nc4 59.
g5 Kh8 60. Kh5 Ne3 61. f6 Nd5 62. Kg6 1-0

[Event "MCRE_CF08"]
[Site "?"]
[Date "2005.??.??"]
[Round "?"]
[White "Bares, Jiri"]
[Black "Stika, Vaclav"]
[Result "1-0"]
[WhiteElo "2174"]
[BlackElo "2028"]
[PlyCount "143"]
[EventDate "2005.??.??"]
[EventType "corr"]
[EventRounds "2"]
[SourceDate "2006.01.27"]

1. d4 Nf6 2. c4 e6 3. Nf3 d5 4. Nc3 Be7 5. Bg5 O-O 6. e3 Nbd7 7. Rc1 h6 8. Bh4
c6 9. cxd5 exd5 10. Bd3 Ne4 11. Bxe7 Qxe7 12. O-O Ndf6 13. Ne5 Nd7 14. f4 Nd6
15. Qc2 Nf6 16. b4 Bd7 17. a4 a5 18. b5 Rac8 19. bxc6 Bxc6 20. Qb3 Qd8 21. Rf2
Re8 22. Rfc2 Re6 23. Nb5 Bxb5 24. Rxc8 Nxc8 25. Qxb5 Nd6 26. Qb3 Re8 27. Rc5
Rf8 28. g4 g5 29. Bb1 Kg7 30. Kg2 Rg8 31. fxg5 hxg5 32. h3 Rf8 33. Qc2 Nde4 34.
Rc7 Qa8 35. Qb3 Nd6 36. Qd3 Nde4 37. Qb5 Nd6 38. Qc5 Qd8 39. Bg6 Nfe4 40. Bxe4
Nxe4 41. Qb6 Qd6 42. Qxd6 Nxd6 43. Rc5 f6 44. Rxd5 fxe5 45. Rxd6 exd4 46. exd4
Rc8 47. Rd7+ Kg6 48. Rxb7 Rd8 49. Rb6+ Kh7 50. Rb5 Rxd4 51. Rxa5 Kg6 52. Ra8
Kf7 53. a5 Ra4 54. a6 Ra3 55. a7 Kg7 56. Kf2 Kh7 57. Ke2 Kg7 58. Kd2 Kh7 59.
Kc2 Kg7 60. Kb2 Ra6 61. Kb3 Ra1 62. Kb4 Ra6 63. Kb5 Ra3 64. Kc6 Rc3+ 65. Kd6
Rd3+ 66. Ke6 Ra3 67. Rd8 Ra6+ 68. Rd6 Ra5 69. Rd7+ Kg6 70. Rc7 Ra3 71. Ke7 Kg7
72. Kd8+ 1-0

[Event "MCRE_CF08"]
[Site "?"]
[Date "2005.??.??"]
[Round "?"]
[White "Bares, Jiri"]
[Black "Bultman, Milan"]
[Result "1-0"]
[WhiteElo "2174"]
[BlackElo "2141"]
[PlyCount "101"]
[EventDate "2005.??.??"]
[EventType "corr"]
[EventRounds "2"]
[SourceDate "2006.01.27"]

1. d4 Nf6 2. c4 g6 3. Nc3 Bg7 4. e4 d6 5. Nf3 c5 6. d5 Qb6 7. Be2 O-O 8. O-O
Na6 9. Rb1 h6 10. h3 Nd7 11. Bf4 Kh7 12. Qd2 Nc7 13. a3 a5 14. g4 a4 15. Bd1
Qa6 16. Qd3 Nb6 17. Be2 Nd7 18. b4 axb3 19. Rxb3 Re8 20. Rfb1 Rh8 21. Be3 Qa5
22. Bd2 Qa7 23. Qe3 Qb8 24. Qf4 Kg8 25. h4 Ne8 26. Nd1 Nef6 27. Ne3 h5 28. g5
Ng4 29. Nxg4 hxg4 30. Qxg4 Nf6 31. Qf4 Nh5 32. Qe3 Ra7 33. e5 Bf5 34. R1b2 dxe5
35. Qxc5 e4 36. Be3 Bxb2 37. Qxa7 Qxa7 38. Bxa7 exf3 39. Bxf3 Bc1 40. Rxb7 Ng7
41. h5 Bxg5 42. Be3 Bf6 43. h6 Ne8 44. c5 g5 45. a4 Rxh6 46. a5 Kg7 47. a6 Rh4
48. a7 Ra4 49. d6 exd6 50. cxd6 Nxd6 51. Rb8 1-0

[Event "MCRE_CF08"]
[Site "?"]
[Date "2005.??.??"]
[Round "?"]
[White "Struzka, Vlastimil"]
[Black "Bares, Jiri"]
[Result "1-0"]
[WhiteElo "2190"]
[BlackElo "2174"]
[PlyCount "167"]
[EventDate "2005.??.??"]
[EventType "corr"]
[EventRounds "2"]
[SourceDate "2006.01.27"]

1. d4 Nf6 2. Nf3 e6 3. Bg5 h6 4. Bh4 c5 5. e3 b6 6. Bd3 Bb7 7. O-O Be7 8. c3
O-O 9. Nbd2 d6 10. Qe2 Nbd7 11. a4 cxd4 12. cxd4 Nd5 13. Bg3 N7f6 14. Ne1 Nb4
15. Bb5 a6 16. Bc4 d5 17. Bd3 Rc8 18. Be5 Qd7 19. a5 bxa5 20. Nb3 a4 21. Nc5
Bxc5 22. Bxf6 Be7 23. Bxe7 Qxe7 24. Rxa4 Bc6 25. Ra1 Rc7 26. Bxa6 Ra8 27. Ra3
Rca7 28. Bb5 Rxa3 29. bxa3 Rxa3 30. Bxc6 Nxc6 31. Nd3 Qa7 32. Qc2 Qa6 33. Nc5
Qa5 34. Qb2 Rc3 35. Nd7 Rc2 36. Qa3 Kh7 37. g3 Kg6 38. h3 Qb5 39. Qa8 Qb4 40.
Qh8 Qd2 41. h4 Qe2 42. Qe8 Qg4 43. Nf8+ Kf6 44. Qa8 Qf5 45. Qa3 g5 46. Nd7+ Kg7
47. Qf8+ Kh7 48. hxg5 hxg5 49. Nc5 g4 50. Nb7 Qf6 51. Nd6 Qg7 52. Qe8 Kg6 53.
Kg2 Qf6 54. Qg8+ Qg7 55. Qa8 Qf6 56. Kg1 Ne7 57. Qf8 Nf5 58. Ne8 Qe7 59. Qg8+
Kh6 60. Qh8+ Kg6 61. Kh2 Qg5 62. Kg2 Nxe3+ 63. Kg1 Nf5 64. Re1 Rd2 65. Qg8+ Kh5
66. Qxf7+ Qg6 67. Qf8 Qh6 68. Qg8 Nxg3 69. fxg3 Rg2+ 70. Kxg2 Qd2+ 71. Kf1 Qd3+
72. Re2 Qf3+ 73. Rf2 Qh1+ 74. Ke2 Qe4+ 75. Kd2 Qxd4+ 76. Ke1 Qa1+ 77. Ke2 Qa6+
78. Ke3 Qb6+ 79. Kd3 Qb5+ 80. Kd4 Qb6+ 81. Ke5 Qe3+ 82. Kd6 Qb6+ 83. Kd7 Qa7+
84. Nc7 1-0

[Event "MCRE_CF08"]
[Site "?"]
[Date "2005.??.??"]
[Round "?"]
[White "Rotter, Walter"]
[Black "Stika, Vaclav"]
[Result "1-0"]
[WhiteElo "1964"]
[BlackElo "2028"]
[PlyCount "173"]
[EventDate "2005.??.??"]
[EventType "corr"]
[EventRounds "2"]
[SourceDate "2006.01.27"]

1. d4 d5 2. c4 c6 3. Nf3 Nf6 4. Nc3 dxc4 5. a4 Bf5 6. e3 e6 7. Bxc4 Bb4 8. O-O
O-O 9. Qe2 Nbd7 10. e4 Bg6 11. Bd3 Bxe4 12. Nxe4 Nd5 13. Ng3 Rc8 14. Bg5 Be7
15. Qe4 N5f6 16. Qh4 Re8 17. Bd2 c5 18. Rfc1 cxd4 19. Rxc8 Qxc8 20. Rc1 Qb8 21.
Qxd4 Nc5 22. Bc2 Rd8 23. Qc4 Ncd7 24. Qh4 h6 25. Bf4 Bd6 26. Be3 Bc5 27. Nd4
Nd5 28. Bd2 Be7 29. Qe4 N7f6 30. Qe1 Bd6 31. Nf3 Bf4 32. Ne4 Nd7 33. g3 Ne5 34.
Nxe5 Bxe5 35. b4 Bb2 36. Rd1 Qc7 37. Bb3 Qe7 38. Rb1 Bd4 39. Rc1 Bb2 40. Rc4
Nb6 41. Rc2 Bd4 42. Qe2 Nd5 43. b5 Qa3 44. Qf3 a6 45. h4 axb5 46. axb5 Qe7 47.
Rc4 Be5 48. Qe2 Bc7 49. Qf3 Be5 50. Qh5 Qa3 51. Qd1 Qe7 52. Qe1 Bc7 53. Qe2 Bb6
54. Qf3 Qd7 55. Nc3 Ne7 56. Be3 Ba5 57. Rd4 Qc8 58. Rxd8+ Bxd8 59. Ba7 Ba5 60.
Ne4 Qd7 61. Bc4 Qc7 62. Bc5 Ng6 63. Qe2 Ne5 64. Bb3 Nd7 65. Be3 Bb4 66. Qg4 Bf8
67. Bxh6 Qe5 68. Be3 Qxb5 69. Ba4 Qb1+ 70. Qd1 Qxd1+ 71. Bxd1 b5 72. Kf1 Ne5
73. f4 Nc6 74. Ke2 Be7 75. Kd2 Bb4+ 76. Kd3 Bf8 77. Nc3 b4 78. Bf3 Ne7 79. Ne2
g6 80. Bc5 Nf5 81. Bxf8 Kxf8 82. Kc4 Ke7 83. Kxb4 e5 84. fxe5 Ke6 85. Bg4 Kxe5
86. Bxf5 Kxf5 87. Kc5 1-0